Desert Wisdom (Record no. 13147)

MARC details
000 -LEADER
fixed length control field 00687nam a2200253 a 4500
020 ## - INTERNATIONAL STANDARD BOOK NUMBER
ISBN 0069961
082 00 - DEWEY DECIMAL CLASSIFICATION NUMBER
Classification number 291.809394
Author Cutter DOU
100 ## - MAIN ENTRY--AUTHOR NAME
Author name Douglas-Klotz, Neil
245 ## - TITLE STATEMENT
Title Desert Wisdom
Sub title Sacred Middle Eastern Writings from the Goddess Through the
260 ## - PUBLICATION, DISTRIBUTION, ETC. (IMPRINT)
Place of publication New York
Name of publisher Harperone
Year of publication 1995
300 ## - PHYSICAL DESCRIPTION
Number of Pages 265p
500 ## - GENERAL NOTE
General note includes index and biblioraphy
505 2# - FORMATTED CONTENTS NOTE
Formatted contents note index
650 ## - SUBJECT ADDED ENTRY--TOPICAL TERM
Topical Term Middle East-Religion
650 ## - SUBJECT ADDED ENTRY--TOPICAL TERM
Topical Term Mysticism-Middle East
942 ## - ADDED ENTRY ELEMENTS (KOHA)
Koha item type Books
700 1# -
-- Douglas-Klotz, Neil
Holdings
Collection code Home library Current library Date acquired Cost, normal purchase price Full call number Accession Number Koha item type
  Henry Martyn Institute Library Henry Martyn Institute Library 07/19/2007 920.00 291.809394 DOU 017622 Books
                   Copyright © 2026 | Henry Martyn Institute | Hyderabad | TS-500052 | INDIA | Implemented by hmi.edu.in
Hit-Count:

Powered by Koha